000 00482nam a2200181Ia 4500
008 240925s9999 xx 000 0 und d
020 _a9788131720707
082 _a658.2 CLA
100 _aClark, Jeffrey E.
245 0 _aFacility planning: principles, technology, guidelines
250 _aNA
260 _aNew Delhi:
_bPearson Education
_c,2008.
300 _a986p.
_bN.A
_fOriginal
500 _aIncludes Index
600 _aManagement
650 _aManagement
942 _cBK
999 _c17726
_d17726